1397 1929 1225 1319 1034 1634 1776 1694 1410 1659 1813 1235 1406 1698 1051 1678 1299 1685 1421 1391 1025 1454 1427 1818 1457 1288 1653 1285 1043 2000 1984 1543 1284 1808 1231 1161 1223 1057 1764 1487 1351 1491 1299 1063 1760 1437 1740 1025 1206 1728 1032 1695 1505 1906 1627 1489 1169 1983 1757 1812 1107 1259 1227 1870 1118 1873 1487 1405 1319 1260 1704 1924 1730 1342 1952 1001 1401 1906 1545 1062 1372 1814 1502 1852 1530 1766 1863 1107 1596 1077 1602 1607 1339 1631 1286 1548 1629 1519 1581 BCNSPRNW ULIB Ver.6.0+V

เปลี่ยนเป็นภาษาไทย

Change to English
 แสดงรายละเอียดบรรณานุกรม
  กลับหน้าหลัก

Brief Record : Get Marc (ISO 2709) : E-mail record : QR code < ปิดหน้าต่าง
LEADER : 00000nam 2200000uu 4500
001    13399114432
003     ULIB
008    110627s||||||||th 000 0 tha d
020    974319497
098    นว.^bม162ต
100 0  มนันยา
245 00 ตกโลงปลงใจ/^cมนันยา
250    พิมพ์ครั้งที่ 1
260    กรุงเทพฯ :^bสามสี,^c2544
300    254 หน้า
710 1  สามสี
945    ^p100^l0^i031542
995    ทศพร
999 ^a ใช้งานได้ทุกระบบ
รายการนี้ยังไม่มีแท็ก
คุณยังไม่ได้ล็อกอิน คุณสามารถมีกิจกรรมร่วมกับเว็บไซต์ได้ แต่ต้องล็อกอินก่อน ::
  ล็อกอิน

รายการสื่อสารสนเทศ

ลำดับที่ ประเภท เลขเรียก/บาร์โค้ด สถานที่ สถานะ
1. นวนิยาย
นวนิยาย
 ฉ.1 
  Barcode: 031542
ห้องสมุดวิทยาเขตสวรรค์ประชารักษ์
►นวนิยาย
บนชั้น
  ขอยืม

รายการใกล้เคียง
    ผู้แต่ง [มนันยา]

BibComment


ยังไม่เคยถูกคอมเมนท์

คอมเมนท์ทรัพยากรรายการนี้
  คอมเมนท์: ตกโลงปลงใจ มนันยา


 Copyright 2026. Bcnsprnw @Library